00827cam a22002651 4500001001300000003000400013005001700017008004100034010001700075035001900092040001800111042001200129050001500141082001300156100003300169245008400202260007300286300003500359500003000394500002900424650002600453650002700479650003800506999001700544ca 34000193 DLC20260227111130.0791102s1934 dcu b 000 0 eng  aca 34000193  a(OCoLC)5636436 aDLCcOCldDLC apremarc00aHG153b.R5 a332.09731 aRiefler, Dorothy BrowncMrs.10aMoney, credit, and banking in the United States,cby Dr. Dorothy Brown Riefler. aWashington, D.C.,bAmerican association of university women,cc1934. a3 p. l., 2-60 numb. l.c28 cm. aLoose-leaf; mimeographed. aIncludes bibliographies. 0aMoneyzUnited States. 0aCreditzUnited States. 0aBanks and bankingzUnited States. c17244d17244